000 00478nam a2200169 i 4500
001 134440
003 ES-MaACL
005 20230906194655.0
007 t|
008 070910s1959 sp ||||1| spa d
100 1 _aWebb, Mary.
_9116240
245 1 3 _aLa dorada ponzoña /
_cMary Webb ; [versión de Ramón Setanti].
260 _a[Barcelona] :
_bCisne,
_c[1959]
300 _a288 p. ;
_c18 cm.
700 1 _aSetanti, Ramón.
_9105891
852 _aES-MaACL
_jC-17047
_bR.44751
999 _c134440
_d134440